Octopus's Garden - The Beatles (all lyrics) - Statistics

General Stats
  • This quiz has been taken 42 times
  • The average score is 147 of 189
Answer Stats
Answer % Correct
a
100%
an
100%
An
100%
garden
100%
I'd
100%
In
100%
in
100%
like
100%
octopus's
100%
sea
100%
the
100%
The
100%
to
100%
under
100%
be
97%
shade
91%
We
89%
we
89%
you
86%
and
83%
me
83%
with
74%
would
74%
beneath
71%
us
71%
where
71%
waves
69%
waves)
69%
been
66%
for
63%
happy
63%
(happy
63%
head
63%
let
63%
so
63%
He'd
57%
our
57%
we've
57%
know
54%
ocean
54%
see
54%
my
51%
on
51%
warm
51%
every
49%
little
49%
No
49%
storm
49%
swim
49%
that
49%
about
46%
ask
46%
friends
46%
girl
46%
hide-away
46%
his
46%
Oh
46%
there
46%
what
46%
below
43%
boy
43%
can't
43%
dance
43%
do
43%
knows
43%
come
40%
joy
40%
safe
40%
safe)
40%
seabed
40%
tell
40%
found
37%
shout
37%
sing
37%
one
34%
around
31%
coral
31%
cave
29%
Resting
29%
Because
26%
Knowing
26%
lies
26%
(lies
26%
near
26%
they're
23%
No matching quizzes found
Score Distribution
Percent of People with Each Score
Percentile by Number Answered
Your Score History
You have not taken this quiz